The Biology of freshwater wetlands. (2nd ed.) (Record no. 84670)

MARC details
000 -LEADER
fixed length control field 00857nam a2200205 a 4500
008 - FIXED-LENGTH DATA ELEMENTS--GENERAL INFORMATION
fixed length control field 130319s2012 ||||||||||||||||| || u
020 ## - INTERNATIONAL STANDARD BOOK NUMBER
International Standard Book Number 9780199608959
050 ## - LIBRARY OF CONGRESS CALL NUMBER
Classification number QH 87.3 Van
100 ## - MAIN ENTRY--PERSONAL NAME
Personal name van der Valk, Arnold G
245 14 - TITLE STATEMENT
Title The Biology of freshwater wetlands. (2nd ed.)
Statement of responsibility, etc. by Arnold G. van der Valk
250 ## - EDITION STATEMENT
Edition statement 2nd ed.
260 ## - PUBLICATION, DISTRIBUTION, ETC.
Place of publication, distribution, etc. Oxford:
Name of publisher, distributor, etc. Oxford University Press
Date of publication, distribution, etc. 2012
300 ## - PHYSICAL DESCRIPTION
Extent xiii, 280p.: ill.
500 ## - GENERAL NOTE
General note Includes bibliography
650 ## - SUBJECT ADDED ENTRY--TOPICAL TERM
Topical term or geographic name entry element WETLANDS PLANTS
650 ## - SUBJECT ADDED ENTRY--TOPICAL TERM
Topical term or geographic name entry element WETLANDS ANIMALS
650 ## - SUBJECT ADDED ENTRY--TOPICAL TERM
Topical term or geographic name entry element WETLANDS
995 ## -
-- MAIN LIBRARY OPEN ACCESS
-- 743502
-- CBU-MAIN LIBRARY (Kitwe)
-- QH 87.3 Van
-- 1
-- AVAILABLE
-- Apr 29, 2013
-- 743502
-- Main Library Open Access Collection
995 ## -
-- MAIN LIBRARY OPEN ACCESS
-- 743503
-- CBU-MAIN LIBRARY (Kitwe)
-- QH 87.3 Van
-- 2
-- AVAILABLE
-- Apr 29, 2013
-- 743503
-- Main Library Open Access Collection
999 ## -
-- 84670
-- 84670

No items available.